[Event "BCF-chT4a 0405 (4NCL)"]
[Site "Telford"]
[Date "2005.01.16"]
[Round "4.5"]
[White "Cork, David J"]
[Black "Chai, Wei Koong"]
[Result "0-1"]
[WhiteElo "1885"]
[BlackElo "1835"]
[PlyCount "162"]
[EventDate "2004.11.06"]
[EventType "team"]
[EventRounds "11"]
[EventCountry "ENG"]
[SourceTitle "EXT 2006"]
[Source "ChessBase"]
[SourceDate "2005.11.24"]
[SourceVersion "1"]
[SourceVersionDate "2005.11.24"]
[SourceQuality "1"]
[WhiteTeam "Conquistadors"]
[BlackTeam "Guildford IV"]
[WhiteTeamCountry "ENG"]
[BlackTeamCountry "ENG"]

1. e4 c6 2. d4 d5 3. Nd2 dxe4 4. Nxe4 Nd7 5. Nf3 Ngf6 6. Nxf6+ Nxf6 7. Bc4 e6 8. Bg5 Be7 9. Qe2 0-0 10. 0-0-0 Nd7 11. h4 h6 12. Bf4 Nb6 13. Bd3 Nd5 14. Bd2 Nf6 15. Ne5 Nd5 16. g4 Bxh4 17. Nf3 Bg5 18. Nxg5 hxg5 19. Bh7+ Kh8 20. Qf3 Qf6 21. Bg6+ Kg8 22. Qh3 fxg6 23. c4 Nf4 24. Qh2 b6 25. Bb4 Re8 26. d5 c5 27. d6 Bd7 28. Bd2 Kf7 29. Kb1 Rad8 30. Qg3 e5 31. Qa3 Bxg4 32. f3 Bf5+ 33. Ka1 a5 34. Qb3 Rxd6 35. Bxf4 Rxd1+ 36. Rxd1 gxf4 37. Qb5 g5 38. Qa6 g4 39. fxg4 Bxg4 40. Rg1 Bf5 41. Qb7+ Re7 42. Qd5+ Qe6 43. Qg2 g6 44. Qh2 Qxc4 45. Qh7+ Ke6 46. Qg8+ Rf7 47. Qc8+ Kf6 48. Qh8+ Rg7 49. Qd8+ Kf7 50. Qc7+ Kf6 51. Qd8+ Re7 52. Qh8+ Kf7 53. Qh7+ Kf8 54. Qh8+ Qg8 55. Qf6+ Ke8 56. Qc6+ Kf7 57. Qd5+ Re6 58. Qb7+ Kf6 59. Qg2 g5 60. Rh1 Qg7 61. Qd2 Kg6 62. Rg1 g4 63. Rh1 g3 64. Qe2 Kf6 65. Qd2 g2 66. Qd8+ Kg6 67. Rg1 f3 68. Qh4 e4 69. Qg3+ Kf7 70. Qc7+ Kf6 71. Qd8+ Qe7 72. Qh8+ Kg6 73. Qh2 Qh7 74. Qf4 Qh6 75. Qb8 Qh1 76. Qg8+ Kf6 77. Qf8+ Kg5 78. Qg7+ Bg6 79. a4 Qxg1+ 80. Ka2 Qd4 81. Qc7 g1Q 0-1